| 000 | 01471nam a2200349Ia 4500 | ||
|---|---|---|---|
| 001 | ebr10021509 | ||
| 003 | CaPaEBR | ||
| 006 | m u | ||
| 007 | cr cn||||||||| | ||
| 008 | 000525s2001 mdu s 001 0 eng d | ||
| 010 | _z 00042405 | ||
| 020 | _z080187517X (eBook) | ||
| 020 | _z0801864682 (pbk. : alk. paper) | ||
| 040 |
_aCaPaEBR _cCaPaEBR |
||
| 035 | _a(OCoLC)559532044 | ||
| 050 | 1 | 4 |
_aGF504.C54 _bD47 2001eb |
| 082 | 0 | 4 |
_a975.5/18 _221 |
| 245 | 0 | 0 |
_aDiscovering the Chesapeake _h[electronic resource] : _bthe history of an ecosystem / _cedited by Philip D. Curtin, Grace S. Brush, and George W. Fisher. |
| 260 |
_aBaltimore, Md. ; _aLondon : _bJohns Hopkins University Press, _c2001. |
||
| 300 | _a417 p. | ||
| 500 | _aIncludes index. | ||
| 533 |
_aElectronic reproduction. _bPalo Alto, Calif. : _cebrary, _d2009. _nAvailable via World Wide Web. _nAccess may be limited to ebrary affiliated libraries. |
||
| 650 | 0 |
_aHuman ecology _zChesapeake Bay Region (Md. and Va.) |
|
| 650 | 0 |
_aNatural history _zChesapeake Bay Region (Md. and Va.) |
|
| 650 | 0 |
_aNature _xEffect of human beings on _zChesapeake Bay Region (Md. and Va.) |
|
| 655 | 7 |
_aElectronic books. _2local |
|
| 700 | 1 | _aCurtin, Philip D. | |
| 700 | 1 | _aBrush, Grace Somers. | |
| 700 | 1 |
_aFisher, George Wescott, _d1937- |
|
| 710 | 2 | _aebrary, Inc. | |
| 856 | 4 | 0 |
_uhttp://site.ebrary.com/lib/rucke/Doc?id=10021509 _zAn electronic book accessible through the World Wide Web; click to view |
| 999 |
_c10228 _d10228 |
||